000
00333nam a22001457a 4500
008
230412b ||||| |||| 00| 0 eng d
020
_a
9781319131463
041
_a
eng
080
_2
EIGHTH EDITION
_a
37
082
_a
37ANK
100
_a
22
101
_a
EDUKIM
245
_a
REAL WRITING WHIT READINGS
_c
ANKER.S
942
_2
udc
_c
BK
999
_c
59520
_d
59520